Transport phenomena in micro process engineering / (Record no. 11457)
[ view plain ]
| 000 -LEADER | |
|---|---|
| fixed length control field | 01701cam a22003377a 4500 |
| 001 - CONTROL NUMBER | |
| control field | 14978393 |
| 005 - DATE AND TIME OF LATEST TRANSACTION | |
| control field | 20090403071439.0 |
| 008 - FIXED-LENGTH DATA ELEMENTS--GENERAL INFORMATION | |
| fixed length control field | 070824s2008 gw a b 001 0 eng d |
| 010 ## - LIBRARY OF CONGRESS CONTROL NUMBER | |
| LC control number | 2007935989 |
| 020 ## - INTERNATIONAL STANDARD BOOK NUMBER | |
| International Standard Book Number | 9783540746164 |
| 035 ## - SYSTEM CONTROL NUMBER | |
| System control number | (OCoLC)ocn175285084 |
| 040 ## - CATALOGING SOURCE | |
| Original cataloging agency | YDXCP |
| Transcribing agency | YDXCP |
| Modifying agency | BTCTA |
| -- | BAKER |
| -- | COO |
| -- | DLC |
| 042 ## - AUTHENTICATION CODE | |
| Authentication code | lccopycat |
| 050 00 - LIBRARY OF CONGRESS CALL NUMBER | |
| Classification number | TP156.T7 |
| Item number | K63 2008 |
| 082 04 - DEWEY DECIMAL CLASSIFICATION NUMBER | |
| Classification number | 660.2842 |
| Edition number | 22 |
| Item number | KOC |
| 100 1# - MAIN ENTRY--PERSONAL NAME | |
| Personal name | Kockmann, Norbert. |
| 9 (RLIN) | 4429 |
| 245 00 - TITLE STATEMENT | |
| Title | Transport phenomena in micro process engineering / |
| Statement of responsibility, etc | Norbert Kockmann. |
| 260 ## - PUBLICATION, DISTRIBUTION, ETC. (IMPRINT) | |
| Place of publication, distribution, etc | Berlin ; |
| -- | New York : |
| Name of publisher, distributor, etc | Springer, |
| Date of publication, distribution, etc | c2008 |
| 300 ## - PHYSICAL DESCRIPTION | |
| Extent | xx, 365 p. : |
| Other physical details | ill. (some col.) ; |
| Dimensions | 24 cm. |
| 440 #0 - | |
| -- | Heat and mass transfer, |
| -- | 1860-4846 |
| -- | 4430 |
| 504 ## - BIBLIOGRAPHY, ETC. NOTE | |
| Bibliography, etc | Includes bibliographical references (p. [339]-359) and index. |
| 505 0# - FORMATTED CONTENTS NOTE | |
| Formatted contents note | 1. Micro process engineering, an interdisciplinary approach -- 2. Fundamentals, balances, and transport processes -- 3. Momentum transfer -- 4. Heat transfer and micro heat exchangers -- 5. Diffusion, mixing, and mass transfer equipment -- 6. Chemical reactions and reactive precipitation -- 7. Coupled transport processes. |
| 650 #0 - SUBJECT ADDED ENTRY--TOPICAL TERM | |
| Topical term or geographic name as entry element | Transport theory. |
| 9 (RLIN) | 4431 |
| 650 #0 - SUBJECT ADDED ENTRY--TOPICAL TERM | |
| Topical term or geographic name as entry element | Microchemistry. |
| 9 (RLIN) | 4432 |
| 650 #0 - SUBJECT ADDED ENTRY--TOPICAL TERM | |
| Topical term or geographic name as entry element | Chemical engineering. |
| 9 (RLIN) | 4433 |
| 856 42 - ELECTRONIC LOCATION AND ACCESS | |
| Materials specified | Publisher description |
| Uniform Resource Identifier | <a href="http://www.loc.gov/catdir/enhancements/fy0907/2007935989-d.html">http://www.loc.gov/catdir/enhancements/fy0907/2007935989-d.html</a> |
| 856 41 - ELECTRONIC LOCATION AND ACCESS | |
| Materials specified | Table of contents only |
| Uniform Resource Identifier | <a href="http://www.loc.gov/catdir/enhancements/fy0907/2007935989-t.html">http://www.loc.gov/catdir/enhancements/fy0907/2007935989-t.html</a> |
| 942 ## - ADDED ENTRY ELEMENTS (KOHA) | |
| Source of classification or shelving scheme | Dewey Decimal Classification |
| Item type | Book - Borrowing |
| Withdrawn status | Item status | Source of classification or shelving scheme | Damaged status | Not for loan | Vendor | Home library | Current library | Shelving location | Date acquired | Source of acquisition | Cost, normal purchase price | Serial Enumeration / chronology | Total Checkouts | Full call number | Barcode | Date last seen | Koha item type |
|---|---|---|---|---|---|---|---|---|---|---|---|---|---|---|---|---|---|
| Dewey Decimal Classification | Baccah | Central Library | Central Library | First floor | 29/04/2009 | 924.00 | 7117 | 660.2842 KOC | 000016262 | 15/07/2025 | Book - Borrowing |